000 00671nam a2200193Ia 4500
005 20260429112233.0
008 260429s9999||||xx |||||||||||||| ||und||
020 _a9789388183499
041 _aHindi
082 _a891.4310
_bNIS
100 _aनिश्चल, ओम
245 0 _aअन्वय :
_bसाहित्य के परिसर में कुँवर नारायण /
_cओम निश्चल
250 _a1st ed.
260 _aनई दिल्ली :
_bराजकमल प्रकाशन,
_c2018.
300 _a518 p.; Hb
440 _vखंड दो
650 _aहिंदी साहित्य
942 _cTB
999 _c53048
_d53048